Cloud computing prichádza - ste pripravený?

Vymedzenie pojmu cloud computing (" klaud" ). Príležitosť v klaude. Privátny klaud podľa Gartnerovho "Hype cycle". Privátny verzus verejný klaud. Ekonomika klaudu. Pripravenosť na privátny klaud.

Salvato in:
Dettagli Bibliografici
Autore principale: Krošlák, Peter
Natura: Capitolo di libro
Lingua:slovacco
Soggetti:
Tags: Aggiungi Tag
Nessun Tag, puoi essere il primo ad aggiungerne!!

MARC

LEADER 00000naa a2200000 4500
001 0124193
005 20230929121217.4
041 0 |a slo 
044 |a SK 
245 1 0 |a Cloud computing prichádza - ste pripravený?  |c Peter Krošlák 
520 |a Vymedzenie pojmu cloud computing (" klaud" ). Príležitosť v klaude. Privátny klaud podľa Gartnerovho "Hype cycle". Privátny verzus verejný klaud. Ekonomika klaudu. Pripravenosť na privátny klaud. 
610 2 0 |a technológie informačné 
610 2 0 |a technológie komunikačné 
610 2 0 |a škálovanie 
610 2 0 |a internet 
610 2 0 |a systémy informačné 
610 2 0 |a programy počítačové 
100 1 |a Krošlák, Peter